00868cam a2200241 a 450000100060000000300080000600500170001400800390003102000350007002000380010503500190014304000230016204100080018508200260019324501570021926000410037630000330041750400510045065000360050165000430053770000270058070000190060711577BD-RjUL20211208235140.0140127s1991 nyua b 001 0 eng a0387973265 (U.S. : alk. paper) a3540973265 (Germany : alk. paper) a(BD-RjUL)11626 aDLCcDLCdDLCbeng aeng00a577.55 223bQUA 199100aQuantitative methods in landscape ecology :bthe analysis and interpretation of landscape heterogeneity /cMonica G. Turner, Robert H. Gardner, editors. aNew York :bSpringer-Verlag,cc1991. axv, 536 p. :bill. ;c25 cm. aIncludes bibliographical references and index. 0aLandscape ecologyxMethodology. 0aLandscape ecologyxSimulation methods.1 aTurner, Monica Goigel.1 aGardner, R. H.